Udržateľnosť Európskej únie v intenciách potravinovej bezpečnosti, lepšej výživy a udržateľného poľnohospodárstva
Prezentovanie výsledkov bibliometrického rozboru témy potravinovej bezpečnosti v databáze WOS a preskúmanie súčasného stavu, štruktúry znalostí a kontextu vývoja potravinovej bezpečnosti.
Guardado en:
| Autor principal: | |
|---|---|
| Otros Autores: | , |
| Formato: | Capítulo de libro |
| Lenguaje: | eslovaco |
| Materias: | |
| Etiquetas: |
Sin Etiquetas, Sea el primero en etiquetar este registro!
|
MARC
| LEADER | 00000naa$a2200000$$$4500 | ||
|---|---|---|---|
| 001 | 0298587 | ||
| 005 | 20240502074527.9 | ||
| 041 | 0 | |a slo | |
| 044 | |a SK | ||
| 245 | 1 | 0 | |a Udržateľnosť Európskej únie v intenciách potravinovej bezpečnosti, lepšej výživy a udržateľného poľnohospodárstva |c Lenka Kuhnová, Petra Szaryszová, Marián Frívaldský |
| 520 | |a Prezentovanie výsledkov bibliometrického rozboru témy potravinovej bezpečnosti v databáze WOS a preskúmanie súčasného stavu, štruktúry znalostí a kontextu vývoja potravinovej bezpečnosti. | ||
| 610 | 2 | 0 | |a rozvoj hospodársky |
| 610 | 2 | 0 | |a udržateľnosť |
| 610 | 2 | 0 | |a potraviny |
| 610 | 2 | 0 | |a bezpečnosť potravinová |
| 610 | 2 | 0 | |a poľnohospodárstvo ekologické |
| 610 | 2 | 0 | |a zmeny klimatické |
| 100 | 1 | |a Kuhnová, Lenka, 1989- | |
| 700 | 1 | |a Szaryszová, Petra, 1984- | |
| 700 | 1 | |a Frívaldský, Marián, 1992- | |